| 000 | 02009pam a2200529 a 4500 | ||
|---|---|---|---|
| 001 | sjds1105284 | ||
| 003 | sjds | ||
| 005 | 20200214145843.0 | ||
| 008 | 980827t19991999nyua b 000 1 spa | ||
| 010 | _a 98041511 | ||
| 020 | _a0060283165 | ||
| 020 | _a9780060283162 | ||
| 020 |
_a0060283165 ; _c16.99 |
||
| 035 | _a160165 | ||
| 035 | _a(OCoLC)39838638 | ||
| 035 | _a160165 | ||
| 040 |
_aDLC _cDLC _dDLC _dUtOrBLW |
||
| 041 | 1 |
_aspa _heng |
|
| 049 | _aIFAB | ||
| 099 | _f1999 | ||
| 100 | 1 |
_aNumeroff, Laura Joffe, _eauthor. |
|
| 240 | 1 | 0 |
_aIf you give a pig a pancake. _lSpanish |
| 245 | 1 | 0 |
_aSi le das un panqueque a una cerdita / _cpor Laura Numeroff ; ilustrado por Felicia Bond ; traducido por Teresa Mlawer. |
| 250 | _aFirst Spanish edition. | ||
| 260 |
_a[New York] : _bHarper Arco Iris, _cc1999 |
||
| 264 | 1 |
_a[New York] : _bHarper Arco Iris, _c[1999] |
|
| 264 | 4 | _cc1999 | |
| 300 |
_a1 volume (unpaged) : _bcolor illustrations ; _c24 cm |
||
| 336 |
_atext _btxt _2rdacontent |
||
| 337 |
_aunmediated _bn _2rdamedia |
||
| 338 |
_avolume _bnc _2rdacarrier |
||
| 500 | _aTranslation of: If you give a pig a pancake. | ||
| 500 | _a"A Laura Geringer book." | ||
| 520 | _a"Si le das un panqueque a una cerdita, te pedirá que le des un poco de almíbar para endulzarlo. Se pondrá tan pegajosa, que querrá bañarse. Te pedirá jabón de burbujas, y una vez que se lo des..."--Book jacket. | ||
| 520 | _aOne thing leads to another when you give a pig a pancake. | ||
| 526 | 0 |
_aAccelerated Reader _bLG _c2.5 _d0.5 _z29210SP |
|
| 546 | _aText in Spanish. | ||
| 650 | 0 |
_aSwine _vJuvenile fiction. |
|
| 650 | 0 |
_aPancakes, waffles, etc. _vJuvenile fiction. |
|
| 650 | 0 |
_aHumorous stories _vJuvenile literature. |
|
| 650 | 7 |
_aCerdos _vNovela juvenil. _2bidex |
|
| 650 | 7 |
_aPanqueques, wafles, etc. _vNovela juvenil. _2bidex |
|
| 650 | 7 |
_aCuentos humorosos _vLiteratura juvenil. _2bidex |
|
| 700 | 1 |
_aBond, Felicia, _eillustrator. |
|
| 700 | 1 | _aMlawer, Teresa. | |
| 942 |
_cBK _2ddc |
||
| 999 |
_c23870 _d23870 |
||